| 000 | 00601cam a2200193 a 4500 | ||
|---|---|---|---|
| 001 | 000001530 | ||
| 005 | 20200929145617.0 | ||
| 008 | 720410s1970 sp 000 f spa d | ||
| 040 |
_aDO-SdBNP _bspa _cBNPHU |
||
| 082 |
_a863.64 _bG216n |
||
| 100 | 1 |
_aGarcía Pavón, Francisco, _d1919-1989 _94703 |
|
| 245 | 1 | 0 |
_aNuevas historias de Plinio / _cFrancisco García Pavón. |
| 260 |
_aBarcelona : _bDestino, _c1970. |
||
| 300 |
_a211 p. ; _c19 cm. |
||
| 490 | 1 |
_aÁncora y delfín _v358 |
|
| 650 | 4 |
_aNovela española _91123 |
|
| 650 | 4 |
_aLiteratura española _9632 |
|
| 830 | 0 |
_aÁncora y delfín ; _v358 _94704 |
|
| 999 |
_c1433 _d1433 |
||